[Event "Stay Safe Play From Home 275"]
[Site "Emanuel Lasker Arena"]
[Date "2020.07.03"]
[Round "7"]
[White "Trotsky"]
[Black "The Next Contender"]
[Result "0-1"]
[WhiteElo "1638"]
[BlackElo "2019"]
[PlyCount "68"]
[EventDate "2020.07.03"]
[EventType "swiss (blitz)"]

1. d4 {[%emt 0:00:01]} d5 {[%emt 0:00:00]} 2. e3 {[%emt 0:00:01]} c6 {[%emt 0:00:01]} 3. c4 {[%emt 0:00:01]} Nf6 {[%emt 0:00:01]} 4. Nc3 {[%emt 0:00:00]} g6 {[%emt 0:00:00]} 5. Qc2 {[%emt 0:00:00]} Bg7 {[%emt 0:00:00]} 6. c5 {[%emt 0:00:02]} O-O {[%emt 0:00:01]} 7. Bd3 {[%emt 0:00:01]} b6 {[%emt 0:00:00]} 8. Nf3 {[%emt 0:00:00]} Nbd7 {[%emt 0:00:01]} 9. Ng5 {[%emt 0:00:01]} bxc5 {[%emt 0:00:02]} 10. h4 {[%emt 0:00:01]} cxd4 {[%emt 0:00:01]} 11. exd4 {[%emt 0:00:02]} h6 {[%emt 0:00:03]} 12. Bxg6 {[%emt 0:00:03]} fxg6 {[%emt 0:00:02]} 13. Qxg6 {[%emt 0:00:01]} hxg5 {[%emt 0:00:00]} 14. hxg5 {[%emt 0:00:01]} Qe8 {[%emt 0:00:00]} 15. Qd3 {[%emt 0:00:03]} c5 {[%emt 0:00:05]} 16. gxf6 {[%emt 0:00:01]} Nxf6 {[%emt 0:00:02]} 17. Be3 {[%emt 0:00:01]} c4 {[%emt 0:00:02]} 18. Qc2 {[%emt 0:00:01]} e5 {[%emt 0:00:01]} 19. O-O-O {[%emt 0:00:02]} exd4 {[%emt 0:00:01]} 20. Bxd4 {[%emt 0:00:01]} Ne4 {[%emt 0:00:02]} 21. Nxe4 {[%emt 0:00:02]} Qxe4 {[%emt 0:00:01]} 22. Qc3 {[%emt 0:00:10]} Bxd4 {[%emt 0:00:05]} 23. Rxd4 {[%emt 0:00:01]} Qg6 {[%emt 0:00:04]} 24. Rdh4 {[%emt 0:00:02]} Bf5 {[%emt 0:00:07]} 25. Qh8+ {[%emt 0:00:03]} Kf7 {[%emt 0:00:01]} 26. Rh7+ {[%emt 0:00:02]} Ke6 {[%emt 0:00:01]} 27. Re1+ {[%emt 0:00:01]} Kd6 {[%emt 0:00:01]} 28. Qc3 {[%emt 0:00:08]} Rae8 {[%emt 0:00:02]} 29. Rc7 {[%emt 0:00:03]} Kxc7 {[%emt 0:00:02]} 30. Rxe8 {[%emt 0:00:02]} Rxe8 {[%emt 0:00:00]} 31. Qa5+ {[%emt 0:00:01]} Kd6 {[%emt 0:00:02]} 32. b3 {[%emt 0:00:01]} Qg5+ {[%emt 0:00:01]} 33. Kb2 {[%emt 0:00:01]} Qd2+ {[%emt 0:00:01]} 34. Ka3 {[%emt 0:00:01]} Qxa5+ {[%emt 0:00:01] Âðåìÿ (Lag: Av=0.42s, max=1.0s)} 0-1

[Event "Stay Safe Play From Home 275"]
[Site "Emanuel Lasker Arena"]
[Date "2020.07.03"]
[Round "7"]
[White "Base642019"]
[Black "BrainThinker22"]
[Result "0-1"]
[WhiteElo "1530"]
[BlackElo "2366"]
[Annotator "NA"]
[PlyCount "56"]
[EventDate "2020.07.03"]
[EventType "swiss (blitz)"]

1. e4 {[%emt 0:00:06]} e5 {[%emt 0:00:01]} 2. d4 {[%emt 0:00:02]} exd4 {[%emt 0:00:01]} 3. Qxd4 {[%emt 0:00:03]} Nc6 {[%emt 0:00:01]} 4. Qa4 {[%emt 0:00:01]} Bc5 {[%emt 0:00:01]} 5. Bb5 {[%emt 0:00:00]} Qf6 {[%emt 0:00:01]} 6. Nf3 {[%emt 0:00:01]} a6 {[%emt 0:00:03]} 7. O-O {[%emt 0:00:00]} Nge7 {[%emt 0:00:02]} 8. Nc3 {[%emt 0:00:01]} O-O {[%emt 0:00:01]} 9. Nd5 {[%emt 0:00:00]} Nxd5 {[%emt 0:00:01]} 10. exd5 {[%emt 0:00:01]} Ne5 {[%emt 0:00:01]} 11. Nxe5 {[%emt 0:00:01]} Qxe5 {[%emt 0:00:00]} 12. Bxd7 {[%emt 0:00:01]} Bd6 {[%emt 0:00:01]} 13. g3 {[%emt 0:00:03]} h5 {[%emt 0:00:04]} 14. Bxc8 {[%emt 0:00:02]} Raxc8 {[%emt 0:00:00]} 15. Bf4 {[%emt 0:00:01]} Qxd5 {[%emt 0:00:01]} 16. Bxd6 {[%emt 0:00:00]} Qxd6 {[%emt 0:00:00]} 17. Rad1 {[%emt 0:00:01]} Qb6 {[%emt 0:00:01]} 18. Qd4 {[%emt 0:00:02]} Qg6 {[%emt 0:00:02]} 19. Qc3 {[%emt 0:00:01]} c6 {[%emt 0:00:01]} 20. f4 {[%emt 0:00:01]} Rcd8 {[%emt 0:00:01]} 21. Qf3 {[%emt 0:00:01]} Qxc2 {[%emt 0:00:02]} 22. Rxd8 {[%emt 0:00:01]} Rxd8 {[%emt 0:00:01]} 23. Rf2 {[%emt 0:00:00]} Qd1+ {[%emt 0:00:04]} 24. Kg2 {[%emt 0:00:01]} Qxf3+ {[%emt 0:00:01]} 25. Kxf3 {[%emt 0:00:02]} f5 {[%emt 0:00:00]} 26. h4 {[%emt 0:00:01]} Rd3+ {[%emt 0:00:01]} 27. Ke2 {[%emt 0:00:02]} Rxg3 {[%emt 0:00:01]} 28. Rg2 {[%emt 0:00:02]} Rxg2+ {[%emt 0:00:01] Base642019 resigns (Lag: Av=0.88s, max=2.4s)} 0-1

[Event "Stay Safe Play From Home 275"]
[Site "Emanuel Lasker Arena"]
[Date "2020.07.03"]
[Round "7"]
[White "Klasman"]
[Black "Mepe_Nika"]
[Result "0-1"]
[WhiteElo "1368"]
[BlackElo "2335"]
[PlyCount "54"]
[EventDate "2020.07.03"]
[EventType "swiss (blitz)"]

1. f4 {[%emt 0:00:03]} e5 {[%emt 0:00:02]} 2. fxe5 {[%emt 0:00:02]} d6 {[%emt 0:00:00]} 3. Nf3 {[%emt 0:00:01]} Nc6 {[%emt 0:00:01]} 4. e4 {[%emt 0:00:01]} dxe5 {[%emt 0:00:01]} 5. Bb5 {[%emt 0:00:01]} Bd6 {[%emt 0:00:02]} 6. O-O {[%emt 0:00:02]} Nge7 {[%emt 0:00:00]} 7. d4 {[%emt 0:00:01]} O-O {[%emt 0:00:03]} 8. d5 {[%emt 0:00:04]} Nb8 {[%emt 0:00:02]} 9. Bg5 {[%emt 0:00:04]} h6 {[%emt 0:00:01]} 10. Bh4 {[%emt 0:00:01]} Nd7 {[%emt 0:00:02]} 11. Nc3 {[%emt 0:00:04]} Nb6 {[%emt 0:00:01]} 12. Bd3 {[%emt 0:00:02]} Bd7 {[%emt 0:00:01]} 13. g4 {[%emt 0:00:04]} a6 {[%emt 0:00:01]} 14. g5 {[%emt 0:00:05]} hxg5 {[%emt 0:00:00]} 15. Nxg5 {[%emt 0:00:02]} f6 {[%emt 0:00:03]} 16. Ne6 {[%emt 0:00:04]} Bxe6 {[%emt 0:00:01]} 17. dxe6 {[%emt 0:00:01]} Qe8 {[%emt 0:00:02]} 18. Qg4 {[%emt 0:00:03]} Qg6 {[%emt 0:00:01]} 19. Qxg6 {[%emt 0:00:03]} Nxg6 {[%emt 0:00:00]} 20. Bg3 {[%emt 0:00:01]} Rfe8 {[%emt 0:00:01]} 21. Nd5 {[%emt 0:00:02]} Rxe6 {[%emt 0:00:02]} 22. Nxb6 {[%emt 0:00:01]} cxb6 {[%emt 0:00:00]} 23. Rad1 {[%emt 0:00:01]} b5 {[%emt 0:00:01]} 24. a4 {[%emt 0:00:02]} Nf4 {[%emt 0:00:02]} 25. Bxf4 {[%emt 0:00:02]} exf4 {[%emt 0:00:00]} 26. axb5 {[%emt 0:00:01]} axb5 {[%emt 0:00:00]} 27. Bxb5 {[%emt 0:00:01]} Bc5+ {[%emt 0:00:00] Time (Lag: Av=0.41s, max=0.5s)} 0-1

[Event "Stay Safe Play From Home 275"]
[Site "Emanuel Lasker Arena"]
[Date "2020.07.03"]
[Round "8"]
[White "AChessPlayer"]
[Black "Klasman"]
[Result "1-0"]
[WhiteElo "2442"]
[BlackElo "1368"]
[PlyCount "45"]
[EventDate "2020.07.03"]
[EventType "swiss (blitz)"]

1. Nf3 {[%emt 0:00:01]} f5 {[%emt 0:00:02]} 2. g3 {[%emt 0:00:00]} Nf6 {[%emt 0:00:01]} 3. Bg2 {[%emt 0:00:00]} c6 {[%emt 0:00:01]} 4. O-O {[%emt 0:00:00]} d5 {[%emt 0:00:01]} 5. d3 {[%emt 0:00:00]} Nbd7 {[%emt 0:00:01]} 6. Nbd2 {[%emt 0:00:00]} e5 {[%emt 0:00:01]} 7. e4 {[%emt 0:00:00]} Bd6 {[%emt 0:00:02]} 8. exf5 {[%emt 0:00:02]} Nb6 {[%emt 0:00:03]} 9. Nh4 {[%emt 0:00:02]} O-O {[%emt 0:00:03]} 10. c4 {[%emt 0:00:00]} dxc4 {[%emt 0:00:04]} 11. dxc4 {[%emt 0:00:01]} Bc5 {[%emt 0:00:04]} 12. Ne4 {[%emt 0:00:01]} Nxe4 {[%emt 0:00:04]} 13. Bxe4 {[%emt 0:00:00]} Nxc4 {[%emt 0:00:02]} 14. Qb3 {[%emt 0:00:01]} Qd4 {[%emt 0:00:09]} 15. Be3 {[%emt 0:00:01]} Qxe4 {[%emt 0:00:02]} 16. Bxc5 {[%emt 0:00:00]} b5 {[%emt 0:00:02]} 17. Bxf8 {[%emt 0:00:02]} Kxf8 {[%emt 0:00:02]} 18. Rfe1 {[%emt 0:00:00]} Qd5 {[%emt 0:00:05]} 19. Rad1 {[%emt 0:00:00]} Qf7 {[%emt 0:00:02]} 20. Qd3 {[%emt 0:00:02]} Bb7 {[%emt 0:00:03]} 21. b3 {[%emt 0:00:01]} Nb6 {[%emt 0:00:03]} 22. Qd6+ {[%emt 0:00:00]} Kg8 {[%emt 0:00:03]} 23. Qxe5 {[%emt 0:00:00] Time (Lag: Av=0.66s, max=1.5s)} 1-0

[Event "Stay Safe Play From Home 275"]
[Site "Emanuel Lasker Arena"]
[Date "2020.07.03"]
[Round "8"]
[White "BrainThinker22"]
[Black "Lamborghini"]
[Result "1-0"]
[WhiteElo "2366"]
[BlackElo "2230"]
[Annotator "NA"]
[PlyCount "39"]
[EventDate "2020.07.03"]
[EventType "swiss (blitz)"]

1. e4 {[%emt 0:00:01]} d5 {[%emt 0:00:02]} 2. exd5 {[%emt 0:00:01]} Qxd5 {[%emt 0:00:00]} 3. Nf3 {[%emt 0:00:00]} Nf6 {[%emt 0:00:02]} 4. Be2 {[%emt 0:00:00]} Nc6 {[%emt 0:00:01]} 5. O-O {[%emt 0:00:00]} Bg4 {[%emt 0:00:01]} 6. h3 {[%emt 0:00:00]} Bh5 {[%emt 0:00:02]} 7. d4 {[%emt 0:00:00]} O-O-O {[%emt 0:00:01]} 8. c4 {[%emt 0:00:01]} Bxf3 {[%emt 0:00:01]} 9. cxd5 {[%emt 0:00:01]} Bxd5 {[%emt 0:00:01]} 10. Nc3 {[%emt 0:00:01]} e6 {[%emt 0:00:02]} 11. Be3 {[%emt 0:00:01]} g5 {[%emt 0:00:04]} 12. Bf3 {[%emt 0:00:01]} h5 {[%emt 0:00:02]} 13. Bxd5 {[%emt 0:00:01]} exd5 {[%emt 0:00:01]} 14. Bxg5 {[%emt 0:00:01]} Be7 {[%emt 0:00:01]} 15. Qf3 {[%emt 0:00:02]} Ne4 {[%emt 0:00:01]} 16. Bxe7 {[%emt 0:00:01]} f5 {[%emt 0:00:02]} 17. Bxd8 {[%emt 0:00:01]} Nxd8 {[%emt 0:00:01]} 18. Qxf5+ {[%emt 0:00:01]} Kb8 {[%emt 0:00:01]} 19. Qxd5 {[%emt 0:00:01]} Ng3 {[%emt 0:00:01]} 20. fxg3 {[%emt 0:00:01] Lamborghini gibt auf (Lag: Av=0.44s, max=0.7s)} 1-0

[Event "Stay Safe Play From Home 275"]
[Site "Emanuel Lasker Arena"]
[Date "2020.07.03"]
[Round "8"]
[White "Mepe_Nika"]
[Black "Broken sword"]
[Result "0-1"]
[WhiteElo "2335"]
[BlackElo "2499"]
[Annotator "TA"]
[PlyCount "36"]
[EventDate "2020.07.03"]
[EventType "swiss (blitz)"]

{[%evp 10,36,8,-12,0,0,0,-15,-18,-24,29,25,47,37,81,68,52,15,19,-241,-247,-439,-433,-512,-486,-2467,-2276,-29996,-836]} 1. g3 d5 2. Bg2 c6 3. d3 Nf6 4. Nd2 Bg4 5. h3 Bh5 6. f4 {[#] Black must now prevent g4.} e6 {A00: Irregular Openings.} 7. Ngf3 Nbd7 {[#]} 8. O-O $146 ({Predecessor:} 8. e4 dxe4 9. dxe4 Bg6 10. Qe2 Be7 11. g4 h6 12. O-O Nc5 13. f5 Bh7 14. b4 Na4 15. fxe6 fxe6 16. Qc4 Bg8 17. Ne5 Nb6 18. Qc3 Na4 19. Qc4 Nb6 20. Qc3 Na4 21. Qc4 {½-½ (21) Dinh,D (2387)-Tran,N (1988) Cao Lanh Dong Thap 2006}) 8... Bc5+ {The position is equal.} 9. Kh2 Bb6 (9... O-O $142) 10. e4 $11 dxe4 11. dxe4 Nc5 12. Qe2 O-O 13. g4 Bg6 {[%cal Rc5e4]} 14. f5 $2 {[%mdl 8192] [#] Loses the game.} (14. Ne5 $11 {and White stays safe.}) 14... exf5 $19 15. exf5 $2 (15. gxf5 Qb8+ 16. e5 Bxf5 17. Nc4) 15... Re8 16. Qc4 Qd6+ 17. Kg1 (17. Ne5 $142 Qxe5+ 18. Kh1) 17... Nce4+ 18. Kh1 Ng3+ {[%mdl 64] Double Attack. Accuracy: White = 37%, Black = 81%.} 0-1

[Event "Stay Safe Play From Home 275"]
[Site "Emanuel Lasker Arena"]
[Date "2020.07.03"]
[Round "8"]
[White "The Next Contender"]
[Black "Base642019"]
[Result "1-0"]
[WhiteElo "2022"]
[BlackElo "1529"]
[Annotator "NA"]
[PlyCount "27"]
[EventDate "2020.07.03"]
[EventType "swiss (blitz)"]

1. d4 {[%emt 0:00:00]} d5 {[%emt 0:00:09]} 2. c4 {[%emt 0:00:01]} dxc4 {[%emt 0:00:01]} 3. e3 {[%emt 0:00:01]} c6 {[%emt 0:00:00]} 4. Bxc4 {[%emt 0:00:01]} e5 {[%emt 0:00:00]} 5. dxe5 {[%emt 0:00:01]} Qxd1+ {[%emt 0:00:01]} 6. Kxd1 {[%emt 0:00:00]} Bb4 {[%emt 0:00:01]} 7. Bd2 {[%emt 0:00:02]} Bxd2 {[%emt 0:00:02]} 8. Nxd2 {[%emt 0:00:00]} Be6 {[%emt 0:00:01]} 9. Ngf3 {[%emt 0:00:03]} Nd7 {[%emt 0:00:01]} 10. Bxe6 {[%emt 0:00:01]} fxe6 {[%emt 0:00:01]} 11. Nc4 {[%emt 0:00:00]} Ne7 {[%emt 0:00:04]} 12. Nd6+ {[%emt 0:00:01]} Kd8 {[%emt 0:00:02]} 13. Nf7+ {[%emt 0:00:01]} Kc7 {[%emt 0:00:00]} 14. Nxh8 {[%emt 0:00:01] Base642019 resigns (Lag: Av=0.78s, max=1.2s)} 1-0

[Event "Stay Safe Play From Home 275"]
[Site "Emanuel Lasker Arena"]
[Date "2020.07.03"]
[Round "8"]
[White "buzaglo"]
[Black "Uber_WING"]
[Result "0-1"]
[WhiteElo "1935"]
[BlackElo "2439"]
[PlyCount "56"]
[EventDate "2020.07.03"]
[EventType "swiss (blitz)"]

1. d4 {[%emt 0:00:00]} e5 {[%emt 0:00:01]} 2. Nf3 {[%emt 0:00:00]} e4 {[%emt 0:00:01]} 3. Nfd2 {[%emt 0:00:01]} f5 {[%emt 0:00:00]} 4. e3 {[%emt 0:00:00]} Nf6 {[%emt 0:00:00]} 5. c4 {[%emt 0:00:01]} c6 {[%emt 0:00:00]} 6. Nc3 {[%emt 0:00:00]} d5 {[%emt 0:00:00]} 7. f3 {[%emt 0:00:00]} exf3 {[%emt 0:00:01]} 8. Nxf3 {[%emt 0:00:01]} Bd6 {[%emt 0:00:00]} 9. Bd3 {[%emt 0:00:01]} O-O {[%emt 0:00:01]} 10. c5 {[%emt 0:00:01]} Bc7 {[%emt 0:00:01]} 11. Bd2 {[%emt 0:00:01]} Ne4 {[%emt 0:00:00]} 12. Bxe4 {[%emt 0:00:02]} fxe4 {[%emt 0:00:00]} 13. Ne5 {[%emt 0:00:02]} Bxe5 {[%emt 0:00:03]} 14. dxe5 {[%emt 0:00:00]} Qg5 {[%emt 0:00:00]} 15. Qe2 {[%emt 0:00:01]} Qxe5 {[%emt 0:00:01]} 16. O-O-O {[%emt 0:00:01]} h5 {[%emt 0:00:01]} 17. g3 {[%emt 0:00:02]} Bg4 {[%emt 0:00:00]} 18. Qg2 {[%emt 0:00:03]} Bxd1 {[%emt 0:00:01]} 19. Rxd1 {[%emt 0:00:00]} Nd7 {[%emt 0:00:00]} 20. Ne2 {[%emt 0:00:03]} Nxc5 {[%emt 0:00:01]} 21. Nd4 {[%emt 0:00:01]} Nd3+ {[%emt 0:00:00]} 22. Kb1 {[%emt 0:00:01]} c5 {[%emt 0:00:00]} 23. Bc3 {[%emt 0:00:00]} cxd4 {[%emt 0:00:02]} 24. Bxd4 {[%emt 0:00:00]} Qf5 {[%emt 0:00:02]} 25. Qd2 {[%emt 0:00:03]} Rac8 {[%emt 0:00:01]} 26. Qb4 {[%emt 0:00:02]} Nxb4 {[%emt 0:00:05]} 27. a3 {[%emt 0:00:01]} Qf1 {[%emt 0:00:03]} 28. Rxf1 {[%emt 0:00:05]} Rxf1# {[%emt 0:00:01] (Lag: Av=0.39s, max=0.5s)} 0-1

[Event "Stay Safe Play From Home 275"]
[Site "Emanuel Lasker Arena"]
[Date "2020.07.03"]
[Round "8"]
[White "Haris kollari 13"]
[Black "Trotsky"]
[Result "1-0"]
[WhiteElo "1804"]
[BlackElo "1635"]
[Annotator "NA"]
[PlyCount "63"]
[EventDate "2020.07.03"]
[EventType "swiss (blitz)"]

1. e4 {[%emt 0:00:01]} c5 {[%emt 0:00:01]} 2. f4 {[%emt 0:00:01]} e6 {[%emt 0:00:00]} 3. Nf3 {[%emt 0:00:01]} d5 {[%emt 0:00:00]} 4. e5 {[%emt 0:00:00]} Nc6 {[%emt 0:00:01]} 5. c3 {[%emt 0:00:00]} Qc7 {[%emt 0:00:00]} 6. d4 {[%emt 0:00:01]} Bd7 {[%emt 0:00:00]} 7. Bd3 {[%emt 0:00:01]} O-O-O {[%emt 0:00:01]} 8. Qe2 {[%emt 0:00:01]} c4 {[%emt 0:00:00]} 9. Bc2 {[%emt 0:00:01]} f6 {[%emt 0:00:02]} 10. Be3 {[%emt 0:00:01]} fxe5 {[%emt 0:00:03]} 11. fxe5 {[%emt 0:00:01]} Nxe5 {[%emt 0:00:02]} 12. dxe5 {[%emt 0:00:02]} h5 {[%emt 0:00:04]} 13. Bd4 {[%emt 0:00:01]} Nh6 {[%emt 0:00:01]} 14. Nbd2 {[%emt 0:00:02]} Ng4 {[%emt 0:00:01]} 15. h3 {[%emt 0:00:00]} g5 {[%emt 0:00:02]} 16. hxg4 {[%emt 0:00:02]} Bg7 {[%emt 0:00:02]} 17. Nxg5 {[%emt 0:00:02]} hxg4 {[%emt 0:00:01]} 18. Rxh8 {[%emt 0:00:01]} Rxh8 {[%emt 0:00:01]} 19. O-O-O {[%emt 0:00:01]} Qa5 {[%emt 0:00:04]} 20. Kb1 {[%emt 0:00:01]} Ba4 {[%emt 0:00:03]} 21. Bxa4 {[%emt 0:00:02]} Qxa4 {[%emt 0:00:01]} 22. Rf1 {[%emt 0:00:01]} Rd8 {[%emt 0:00:02]} 23. Nxe6 {[%emt 0:00:01]} Rd7 {[%emt 0:00:02]} 24. Nxg7 {[%emt 0:00:01]} Rxg7 {[%emt 0:00:02]} 25. Rf8+ {[%emt 0:00:02]} Kc7 {[%emt 0:00:01]} 26. e6 {[%emt 0:00:01]} Kc6 {[%emt 0:00:01]} 27. Bxg7 {[%emt 0:00:02]} Kb6 {[%emt 0:00:02]} 28. e7 {[%emt 0:00:01]} Ka5 {[%emt 0:00:01]} 29. e8=Q {[%emt 0:00:01]} b5 {[%emt 0:00:01]} 30. Qd8+ {[%emt 0:00:02]} Ka6 {[%emt 0:00:01]} 31. Rf6+ {[%emt 0:00:01]} Kb7 {[%emt 0:00:05]} 32. Qee7# {[%emt 0:00:01] (Lag: Av=0.30s, max=0.5s)} 1-0

[Event "Stay Safe Play From Home 275"]
[Site "Emanuel Lasker Arena"]
[Date "2020.07.03"]
[Round "9"]
[White "Broken sword"]
[Black "Klasman"]
[Result "1-0"]
[WhiteElo "2509"]
[BlackElo "1368"]
[Annotator "TA"]
[PlyCount "53"]
[EventDate "2020.07.03"]
[EventType "swiss (blitz)"]

{[%evp 9,53,6,14,12,11,1,-16,-158,-166,-162,-165,-180,-169,-171,-187,-165,-176,-168,-160,-180,-163,-186,-120,-118,-103,-105,-74,-72,-68,-79,-63,-58,-33,-47,-4,-58,-50,-63,-14,-142,-139,-144,-135,-272,-262,-239]} 1. d4 f5 2. Nf3 Nf6 3. Bg5 e6 4. c3 d5 5. Nbd2 c5 6. Ne5 {[#] A80: Dutch Defence: Unusual White second moves.} Nc6 $146 ({Predecessor:} 6... Bd6 7. e3 O-O 8. f4 Qb6 9. Rb1 Nbd7 10. Be2 Ne4 11. Nxe4 fxe4 12. O-O Nf6 13. Qd2 Qc7 14. b4 b6 15. a3 a5 16. bxc5 bxc5 17. a4 c4 18. Rb2 Rb8 19. Rfb1 {½-½ (19) Schwertel,H (2060)-Friese,P (2045) Hoehr-Grenzhausen 2004}) 7. f4 Qb6 8. Qb3 (8. e3 $1 $11 {remains equal.}) 8... cxd4 $17 9. Qxb6 axb6 10. Nxc6 {[#]} dxc3 $1 ({Don't play} 10... bxc6 11. Bxf6 gxf6 12. cxd4 $17) 11. Bxf6 cxd2+ 12. Kxd2 gxf6 13. Nd4 Bb4+ 14. Kd1 Bd7 15. e3 Kf7 ({Black should try} 15... e5 $19 16. Nc2 Bc5) 16. Bd3 Rhg8 17. g3 Rac8 18. a3 Bc5 19. Ke2 Bxd4 (19... h5 {keeps more tension.} 20. Nf3 b5 21. Rhc1 b4 22. axb4 Bxb4 23. Kf2 Rc5) 20. exd4 Rc6 21. Kd2 Rgc8 22. Rhe1 ({Better is} 22. h3 $11) 22... b5 $36 {[%mdl 2048] White is under pressure.} 23. Re2 {[#]} b4 $1 {[%mdl 512]} 24. axb4 (24. a4 $1 $11 {keeps the balance.}) 24... Rb6 $17 25. b5 Bxb5 26. Ra2 (26. Ra3 $17) 26... Bxd3 $19 27. Kxd3 {[%mdl 32768] Accuracy: White = 62%, Black = 67%. . Sensor Board Error (Ke4/e5)?} 1-0

[Event "Stay Safe Play From Home 275"]
[Site "Emanuel Lasker Arena"]
[Date "2020.07.03"]
[Round "9"]
[White "Uber_WING"]
[Black "Haris kollari 13"]
[Result "1-0"]
[WhiteElo "2440"]
[BlackElo "1813"]
[Annotator "NA"]
[PlyCount "71"]
[EventDate "2020.07.03"]
[EventType "swiss (blitz)"]

1. e4 {[%emt 0:00:03]} e6 {[%emt 0:00:00]} 2. Nf3 {[%emt 0:00:02]} d5 {[%emt 0:00:00]} 3. e5 {[%emt 0:00:00]} c5 {[%emt 0:00:02]} 4. b4 {[%emt 0:00:01]} Nc6 {[%emt 0:00:02]} 5. b5 {[%emt 0:00:01]} Nce7 {[%emt 0:00:02]} 6. a4 {[%emt 0:00:00]} Ng6 {[%emt 0:00:01]} 7. Bb2 {[%emt 0:00:01]} a6 {[%emt 0:00:01]} 8. h4 {[%emt 0:00:00]} axb5 {[%emt 0:00:01]} 9. Bxb5+ {[%emt 0:00:00]} Bd7 {[%emt 0:00:02]} 10. h5 {[%emt 0:00:00]} Bxb5 {[%emt 0:00:03]} 11. axb5 {[%emt 0:00:00]} Rxa1 {[%emt 0:00:02]} 12. Bxa1 {[%emt 0:00:00]} N6e7 {[%emt 0:00:01]} 13. d4 {[%emt 0:00:02]} h6 {[%emt 0:00:05]} 14. Qd2 {[%emt 0:00:01]} Nf5 {[%emt 0:00:01]} 15. g4 {[%emt 0:00:04]} Nfe7 {[%emt 0:00:03]} 16. dxc5 {[%emt 0:00:01]} Nc8 {[%emt 0:00:04]} 17. Bd4 {[%emt 0:00:01]} Nge7 {[%emt 0:00:03]} 18. b6 {[%emt 0:00:02]} Qd7 {[%emt 0:00:02]} 19. Qa5 {[%emt 0:00:01]} Nc6 {[%emt 0:00:01]} 20. Qa4 {[%emt 0:00:06]} Nxe5 {[%emt 0:00:03]} 21. Qxd7+ {[%emt 0:00:01]} Nxd7 {[%emt 0:00:01]} 22. Nc3 {[%emt 0:00:02]} Nxc5 {[%emt 0:00:01]} 23. Nb5 {[%emt 0:00:02]} Nd7 {[%emt 0:00:04]} 24. Nc7+ {[%emt 0:00:02]} Kd8 {[%emt 0:00:01]} 25. Na8 {[%emt 0:00:01]} f6 {[%emt 0:00:04]} 26. O-O {[%emt 0:00:01]} e5 {[%emt 0:00:01]} 27. Bb2 {[%emt 0:00:01]} d4 {[%emt 0:00:01]} 28. Rd1 {[%emt 0:00:01]} Ndxb6 {[%emt 0:00:01]} 29. Nxb6 {[%emt 0:00:01]} Nxb6 {[%emt 0:00:01]} 30. c3 {[%emt 0:00:00]} Bc5 {[%emt 0:00:01]} 31. cxd4 {[%emt 0:00:01]} exd4 {[%emt 0:00:00]} 32. Bxd4 {[%emt 0:00:00]} Bxd4 {[%emt 0:00:01]} 33. Rxd4+ {[%emt 0:00:00]} Kc7 {[%emt 0:00:01]} 34. Nh4 {[%emt 0:00:01]} Re8 {[%emt 0:00:02]} 35. Nf5 {[%emt 0:00:01]} Rg8 {[%emt 0:00:02]} 36. Re4 {[%emt 0:00:01] Time '} 1-0

[Event "Stay Safe Play From Home 275"]
[Site "Emanuel Lasker Arena"]
[Date "2020.07.03"]
[Round "9"]
[White "Lamborghini"]
[Black "Mepe_Nika"]
[Result "1-0"]
[WhiteElo "2220"]
[BlackElo "2326"]
[Annotator "TA"]
[PlyCount "53"]
[EventDate "2020.07.03"]
[EventType "swiss (blitz)"]

{[%evp 20,53,-7,-20,0,-6,34,-4,114,0,3,0,0,11,119,65,254,250,238,246,500,120,3145,2957,1502,386,373,361,325,155,275,274,253,260,29995,29996]} 1. e4 d5 2. exd5 c6 3. d4 cxd5 4. Nf3 Nc6 5. c4 Nf6 6. Nc3 g6 7. cxd5 Nxd5 8. Bc4 Nxc3 9. bxc3 Bg7 10. h3 O-O 11. O-O {[#]} b6 $146 {A35: Symmetrical English: 2 Nc3 Nc6 3 Nf3.} ({Predecessor:} 11... Na5 12. Bb3 Qc7 13. Re1 Nxb3 14. Qxb3 b6 15. Ba3 Re8 16. Ng5 e6 17. Ne4 Rd8 18. Rad1 Bb7 19. Rd3 {0-1 (85) Lobanov,S (2429)-Rakhmanov,A (2667) Tallinn 2016}) 12. Re1 Bb7 13. Bg5 Re8 (13... Qc7 $11) 14. Qb3 (14. d5 $1 $16 {[%cal Rd5c6]} Na5 15. Bb5) 14... Rf8 $11 15. Bb5 {Strongly threatening Bxc6.} Bf6 16. Bh6 Re8 {[#]} (16... Na5 $11 {keeps the balance.} 17. Qb4 Bg7 18. Bxg7 Kxg7) 17. Rad1 ({Better is} 17. d5 $1 $16 {[%cal Rd5c6]} Na5 18. Qa4) 17... Rc8 $2 (17... Na5 $14 18. Qa4 Bxf3 19. gxf3 Rf8) 18. d5 $18 Na5 19. Qa4 {Black must now prevent d6.} Bxc3 $2 (19... Rf8 {is a better defense.} 20. Bxf8 Kxf8) 20. Bxe8 $2 (20. Re3 $18 {and White stays clearly on top.} Bf6 21. d6 (21. Bxe8 Qxe8 22. Qxe8+ Rxe8 $16)) 20... Bxe1 $4 {[%mdl 8192] [#]} (20... Qxe8 $16 21. Qxe8+ Rxe8) 21. Bxf7+ $1 {[%mdl 512]} Kxf7 22. Rxe1 $2 (22. Qf4+ Kg8 23. Qe5) 22... Qxd5 {[#]} 23. Qf4+ $1 Qf5 24. Ng5+ $40 {[%mdl 128] White has strong attack.} (24. Qd4 $18 {has better winning chances. White threatens Qg7+ and mate.} Qf6 25. Qd7) 24... Kg8 (24... Ke8 $16 25. Qe3 (25. Nxh7 Qxf4 26. Bxf4 Rc4 $11) 25... Nc6) 25. Qxf5 gxf5 26. Rxe7 {Rg7+ would kill now.} Rc1+ $2 (26... Bd5 $18 27. Rg7+ (27. Rxa7 Bb7 $16) (27. Rxh7 a6 $18) 27... Kh8 28. Rxh7+ Kg8 29. Rg7+ (29. Rxa7 Bb7 $18) 29... Kh8 30. Nf7+ Bxf7) 27. Kh2 {Accuracy: White = 47%, Black = 26%.} 1-0